[Event "Let's Play through the Olympics"]
[Site "SchemingMind.com"]
[Date "2016.09.09"]
[Round "-"]
[White "Marc Wakeham"]
[Black "cnile"]
[Result "1-0"]
[WhiteCountry "WLS"]
[BlackCountry "SCO"]
[WhiteElo "1585"]
[WhiteRD "70"]
[BlackElo "1493"]
[BlackRD "61"]
[GameID "403546"]

1. e4 e5 2. Nf3 Nc6 3. d4 exd4 4. c3 dxc3 5. Nxc3 Bc5 6. Bc4 Qe7 7. O-O Nf6 8. Nd5 Nxd5 9. exd5 Ne5 10. Nxe5 d6
11. Nd3 O-O 12. Nxc5 dxc5 13. Re1 Qf6 14. Re3 Bd7 15. Qb3 b6 16. Rf3 Qd6 17. Bf4 Qg6 18. Bxc7 Bg4 19. Rg3 Rac8 20. Bf4 Qf5
21. Be3 Qe5 22. Re1 Qd6 23. Rxg4 Rce8 24. Qc3
1-0

[Event "Let's Play through the Olympics"]
[Site "SchemingMind.com"]
[Date "2016.09.10"]
[Round "-"]
[White "cnile"]
[Black "Marc Wakeham"]
[Result "0-1"]
[WhiteCountry "SCO"]
[BlackCountry "WLS"]
[WhiteElo "1460"]
[WhiteRD "59"]
[BlackElo "1595"]
[BlackRD "76"]
[GameID "403547"]

1. Nf3 Nf6 2. d4 g6 3. g3 b6 4. Bg2 Bb7 5. O-O Bg7 6. Bf4 O-O 7. Nbd2 d6 8. c4 Nbd7 9. d5 c6 10. e4 cxd5
11. cxd5 Nc5 12. Nc4 Ncxe4 13. Nd4 Nc5 14. Ne3 Ncd7 15. Nc6 Qe8 16. Qe2 Nc5 17. Rfe1 Nce4 18. Rac1 Bxc6 19. dxc6 Rc8 20. b4 Rxc6
21. Nc4 d5 22. Ne5 Rxc1 23. Rxc1 Qa8 24. Nd3 Rc8 25. Rxc8+ Qxc8 26. h3 Qc3 27. a4 Qa1+ 28. Bc1 Qxa4 29. Nf4 e6 30. Bd2 Nxd2
31. Qxd2 Qa1+ 32. Kh2 Nd7 33. Nd3 Qc3 34. Qe2 a5 35. bxa5 bxa5 36. Nf4 Qb2 37. Qa6 Qb6 38. Qc8+ Nf8 39. Qc2 Qb4 40. Nd3 Qc3
41. Qxc3 Bxc3 42. Nc5 Kg7 43. Bf1 Kf6 44. Bb5 Ke5 45. Nd3+ Kd4 46. Nc1 Kc5 47. Be8 f6 48. f3 Kb4 49. Na2+ Kc4 50. Nxc3 Kxc3
51. Ba4 Kb4 52. Be8 a4
0-1

[Event "Let's Play through the Olympics"]
[Site "SchemingMind.com"]
[Date "2016.09.11"]
[Round "-"]
[White "Marc Wakeham"]
[Black "emvarela"]
[Result "0-1"]
[WhiteCountry "WLS"]
[BlackCountry "ARG"]
[WhiteElo "1578"]
[WhiteRD "78"]
[BlackElo "1719"]
[BlackRD "51"]
[GameID "403548"]

1. e4 e5 2. Nf3 Nc6 3. d4 exd4 4. c3 dxc3 5. Nxc3 Bc5 6. Bc4 h6 7. O-O Nge7 8. Re1 d6 9. Be3 Bxe3 10. Rxe3 Bg4
11. Qb3 O-O 12. Qd1 Bxf3 13. Rxf3 Ne5 14. Bxf7+ Rxf7 15. Rxf7 Nxf7 16. Qb3 b6 17. Rd1 Kf8 18. Rd3 Ne5 19. Rd1 Qd7 20. f4 N5g6
21. f5 Ne5 22. Rf1 c5 23. f6 c4 24. fxg7+ Kxg7 25. Qd1 Rd8 26. Nd5 Nxd5 27. exd5 Qg4 28. Qa4 Qd4+ 29. Kh1 a5 30. Qc2 Nd3
31. Qd2 Qxb2 32. Qxb2+ Nxb2 33. Rb1 c3 34. h3 b5 35. a3 b4 36. axb4 axb4
0-1

[Event "Let's Play through the Olympics"]
[Site "SchemingMind.com"]
[Date "2016.09.11"]
[Round "-"]
[White "emvarela"]
[Black "Marc Wakeham"]
[Result "1-0"]
[WhiteCountry "ARG"]
[BlackCountry "WLS"]
[WhiteElo "1710"]
[WhiteRD "54"]
[BlackElo "1576"]
[BlackRD "79"]
[GameID "403549"]

1. e4 d6 2. d4 Nf6 3. Nc3 g6 4. f4 Bg7 5. Nf3 O-O 6. h3 c5 7. dxc5 dxc5 8. Qxd8 Rxd8 9. Bd2 Nc6 10. O-O-O a6
11. e5 Ne8 12. Bc4 Nc7 13. Be3 Bf5 14. g4 Bd7 15. Bxc5 Be6 16. Bxe6 Nxe6 17. Rxd8+ Rxd8 18. Be3 Rd7 19. Rd1 Rxd1+ 20. Kxd1 h6
21. a3 b5 22. Nd5 Bf8 23. f5 Ned8 24. fxg6 fxg6 25. Nd4 Nxe5 26. Nc7 Bg7 27. Nxa6 Nc4 28. Ke2 Nxb2 29. Nxb5 Nc4 30. a4 Nc6
31. Bc5 Kf7 32. Nb4 Nxb4 33. Bxb4 Be5 34. a5 Ke8 35. a6 Nb6 36. Ba5 Na8 37. c4 Kd7 38. Kd3 Kc6 39. Na7+ Kc5 40. Nc8 Bh2
41. Nxe7 g5 42. Ng8 Bf4 43. Nxh6 Bg3 44. Nf5 Bf2 45. Ng7 Kd6 46. Ne8+ Ke7 47. Nc7 Nxc7 48. Bxc7 Ba7 49. Ke4 Ke6 50. Bg3 Kf6
51. Kd5 Ke7 52. c5
1-0

[Event "Let's Play through the Olympics"]
[Site "SchemingMind.com"]
[Date "2016.09.09"]
[Round "-"]
[White "Marc Wakeham"]
[Black "ray winteringham"]
[Result "0-1"]
[WhiteCountry "WLS"]
[BlackCountry "ENG"]
[WhiteElo "1585"]
[WhiteRD "70"]
[BlackElo "1507"]
[BlackRD "49"]
[GameID "403550"]

1. e4 c5 2. c3 Nc6 3. Nf3 g6 4. Bb5 Bg7 5. O-O e5 6. d3 Nge7 7. Be3 d6 8. Nbd2 Bd7 9. Nb3 O-O 10. Qd2 b6
11. Bh6 f5 12. Bxg7 Kxg7 13. Ng5 h6 14. Bxc6 Nxc6 15. Nf3 f4 16. d4 g5 17. dxe5 dxe5 18. Rad1 Be6 19. Qc2 Qc7 20. Rd2 Rad8
21. Rfd1 c4 22. Rxd8 Rxd8 23. Rxd8 Qxd8 24. Nc1 g4 25. Ne1 h5 26. f3 Qh4 27. Ne2 Qxe1#
0-1

[Event "Let's Play through the Olympics"]
[Site "SchemingMind.com"]
[Date "2016.09.09"]
[Round "-"]
[White "ray winteringham"]
[Black "Marc Wakeham"]
[Result "0-1"]
[WhiteCountry "ENG"]
[BlackCountry "WLS"]
[WhiteElo "1507"]
[WhiteRD "49"]
[BlackElo "1585"]
[BlackRD "70"]
[GameID "403551"]

1. e4 d6 2. d4 Nf6 3. Bg5 Nxe4 4. Be3 g6 5. Bd3 Nf6 6. Ne2 Bg7 7. c3 O-O 8. Nd2 Nbd7 9. O-O c5 10. h3 a6
11. a3 Nd5 12. Bf4 Nxf4 13. Nxf4 cxd4 14. cxd4 Bxd4 15. Qb3 Nc5 16. Qc2 Nxd3 17. Nxd3 Bf5 18. Rab1 Rc8 19. Qa4 Bg7 20. Qb3 Rc7
21. Rbc1 Rxc1 22. Rxc1 Qd7 23. Nf4 Rc8 24. Re1 b5 25. Ne4 Bxe4 26. Rxe4 Be5 27. Nd5 Rc1+
0-1

[Event "Let's Play through the Olympics"]
[Site "SchemingMind.com"]
[Date "2016.09.09"]
[Round "-"]
[White "Marc Wakeham"]
[Black "Chessibelle"]
[Result "0-1"]
[WhiteCountry "WLS"]
[BlackCountry "ENG"]
[WhiteElo "1585"]
[WhiteRD "70"]
[BlackElo "1145"]
[BlackRD "62"]
[GameID "403552"]

1. e4 e5 2. Nf3 Nc6 3. d4 Nge7 4. dxe5 d6 5. exd6 cxd6 6. Bc4 h6 7. O-O f6 8. Nd4 g5 9. b3 Bg7 10. Bb2 a6
11. Be6 d5 12. exd5 Nxd5 13. Re1 Ne5 14. Bxc8 Rxc8 15. Ne6 Qe7 16. Nxg7+ Qxg7 17. Qxd5 Rd8 18. Qxb7 Qxb7 19. Bxe5 Kf7 20. Bb2 Kg6
21. Nc3 Qb6 22. Ne4 f5 23. Bxh8 Rxh8 24. Nc3 Qd4 25. Ne2 Qc5 26. c4 Rf8 27. Rad1 Kh5 28. Ng3+ Kg6 29. Re6+ Kf7 30. Rxh6 Kg8
31. Rd7 Re8 32. Rg6+ Kh8 33. h3 Re1+ 34. Kh2 Qxf2 35. Rh6+ Kg8 36. Rg6+ Kf8 37. Rf6+ Kg8 38. Rg6+ Kf8 39. Rf6+ Ke8 40. Nh5 Qg1+
41. Kg3 Re3#
0-1

[Event "Let's Play through the Olympics"]
[Site "SchemingMind.com"]
[Date "2016.09.09"]
[Round "-"]
[White "Chessibelle"]
[Black "Marc Wakeham"]
[Result "0-1"]
[WhiteCountry "ENG"]
[BlackCountry "WLS"]
[WhiteElo "1145"]
[WhiteRD "62"]
[BlackElo "1585"]
[BlackRD "70"]
[GameID "403553"]

1. Nf3 Nf6 2. d4 g6 3. e3 Bg7 4. Nbd2 O-O 5. Be2 d6 6. Bd3 c5 7. c3 cxd4 8. Nxd4 Bd7 9. O-O Nc6 10. a3 Nxd4
11. exd4 Bc6 12. Re1 Qd7 13. b4 Rac8 14. a4 b6 15. b5 Bb7 16. c4 Ng4 17. h3 Bxd4 18. Kh1 Nxf2+ 19. Kg1 Nxd1+
0-1

[Event "Let's Play through the Olympics"]
[Site "SchemingMind.com"]
[Date "2016.09.14"]
[Round "-"]
[White "Marc Wakeham"]
[Black "DANDYLIONHONEYBADGER"]
[Result "1-0"]
[WhiteCountry "WLS"]
[BlackCountry "USA"]
[WhiteElo "1576"]
[WhiteRD "79"]
[BlackElo "1327"]
[BlackRD "69"]
[GameID "403554"]

1. e4 e5 2. Nf3 Bd6 3. Bc4 Nh6 4. O-O O-O 5. d3 Ng4 6. h3 Nf6 7. Nc3 Qe7 8. Bg5 h6 9. Be3 c6 10. a3 Na6
11. b4 Nc7 12. Qd2 b5 13. Bb3 a6 14. Nh4 Nh5 15. Nf5 Qf6 16. Nxd6 Ne6 17. Bxe6 Qxe6 18. Nxc8 Raxc8 19. Ne2 d5 20. Qc1 Rcd8
21. Bd2 dxe4 22. dxe4 Rd6 23. Qd1 Nf4 24. Nxf4 exf4 25. Qc1 Qxe4 26. Re1 Qd5 27. Bxf4 Rg6 28. Bg3 f5 29. Qd1 f4 30. Qxd5+ cxd5
31. Bh4 f3 32. g3 d4 33. Re4 Rd6 34. Rd1 g5 35. Bxg5 hxg5 36. Rexd4 Rxd4 37. Rxd4 Re8 38. Rd6 Re1+ 39. Kh2 Kf7 40. Rd2 Ke6
41. h4 gxh4 42. gxh4 Re5 43. c3 Re2 44. Rd3 Rxf2+ 45. Kg3 Kf5 46. Rxf3+ Rxf3+ 47. Kxf3 Kg6 48. Ke4 Kh5 49. Kd5 Kxh4 50. c4
1-0

[Event "Let's Play through the Olympics"]
[Site "SchemingMind.com"]
[Date "2016.09.14"]
[Round "-"]
[White "DANDYLIONHONEYBADGER"]
[Black "Marc Wakeham"]
[Result "0-1"]
[WhiteCountry "USA"]
[BlackCountry "WLS"]
[WhiteElo "1312"]
[WhiteRD "64"]
[BlackElo "1578"]
[BlackRD "78"]
[GameID "403555"]

1. Nc3 g6 2. e4 Bg7 3. d4 d6 4. Be3 Nf6 5. f3 O-O 6. Qe2 Nc6 7. a3 a6 8. d5 Ne5 9. b3 Ne8 10. O-O-O b5
11. g4 c5 12. Bg2 b4 13. Bf4 bxc3 14. Bh3 a5 15. Qe3 a4 16. Qxc3 Nxg4 17. fxg4 Bxc3 18. Ne2 Bg7 19. Kd2 axb3 20. cxb3 Rxa3
21. Nc1 Qa5+ 22. Kc2 Nf6 23. Bd2 Qa6 24. Bf1 Qa7 25. Be2 Nxe4 26. Be1 Bd7 27. Bh4 Re8 28. Bc4 Bxg4
0-1

[Event "Let's Play through the Olympics"]
[Site "SchemingMind.com"]
[Date "2016.09.09"]
[Round "-"]
[White "Marc Wakeham"]
[Black "Wojtek26"]
[Result "0-1"]
[WhiteCountry "WLS"]
[BlackCountry "POL"]
[WhiteElo "1585"]
[WhiteRD "70"]
[BlackElo "1469"]
[BlackRD "44"]
[GameID "403556"]

1. e4 e5 2. Nf3 Nc6 3. d4 exd4 4. c3 dxc3 5. Nxc3 Bb4 6. Qb3 Nf6 7. Bd2 Bxc3 8. Bxc3 O-O 9. Bd3 Re8 10. O-O d6
11. Rfe1 Bg4 12. Ng5 Be6 13. Nxe6 Rxe6 14. Re3 Ng4 15. Rg3 Qh4 16. h3 Nge5 17. Bc4 Re7 18. Bd5 g6 19. Bxe5 dxe5 20. Qxb7 Nd4
21. Qxa8+ Kg7 22. Rf3 Nxf3+
0-1

[Event "Let's Play through the Olympics"]
[Site "SchemingMind.com"]
[Date "2016.09.09"]
[Round "-"]
[White "Wojtek26"]
[Black "Marc Wakeham"]
[Result "0-1"]
[WhiteCountry "POL"]
[BlackCountry "WLS"]
[WhiteElo "1469"]
[WhiteRD "44"]
[BlackElo "1585"]
[BlackRD "70"]
[GameID "403557"]

1. d4 Nf6 2. c4 g6 3. e3 Bg7 4. Nf3 O-O 5. Be2 c5 6. O-O cxd4 7. Nxd4 d6 8. Nd2 Bd7 9. b3 Nc6 10. Bb2 Nxd4
11. Bxd4 Bc6 12. Bf3 Qc7 13. Bxc6 Qxc6 14. Qf3 Qxf3 15. Nxf3 a6 16. Nd2 Rac8 17. h3 b5 18. Rfc1 Nd7 19. cxb5 axb5 20. Bxg7 Kxg7
21. Ne4 Ne5 22. Rc3 Rxc3 23. Nxc3 Rb8 24. Kf1 Nc6 25. Nd5 e6 26. Nc7 d5 27. Rc1 Nb4 28. a3 Nd3 29. Rc3 Ne5 30. Na6 Rb6
31. Nc7 Nd7 32. Na8 Ra6 33. Nc7 Rxa3 34. Nxb5 Ra1+ 35. Ke2 Ne5 36. Rc2 g5 37. Nd4 Rb1 38. f4 gxf4 39. exf4 Ng6 40. g3 Kf6
41. Rc8 Rb2+
0-1

[Event "Let's Play through the Olympics"]
[Site "SchemingMind.com"]
[Date "2016.09.11"]
[Round "-"]
[White "cnile"]
[Black "emvarela"]
[Result "1-0"]
[WhiteCountry "SCO"]
[BlackCountry "ARG"]
[WhiteElo "1485"]
[WhiteRD "58"]
[BlackElo "1719"]
[BlackRD "51"]
[GameID "403558"]

1. Nf3 d5 2. d4 Nf6 3. Bf4 e6 4. h3 Bd6 5. Bxd6 Qxd6 6. c3 Nbd7 7. Nbd2 O-O 8. e3 c5 9. a3 c4 10. Qc2 h6
11. Be2 b5 12. O-O e5 13. dxe5 Nxe5 14. Rad1 Nxf3+ 15. Bxf3 Be6 16. Rfe1 Rad8 17. Nf1 Ne4 18. Bxe4 Qe5 19. Bf3 Qf6 20. Ng3 Bxh3
21. Bxd5 Be6 22. Bxe6 Qxe6 23. Rxd8 Rxd8 24. Rd1 Rd6 25. Rxd6 Qxd6 26. Qe4 Qd7 27. Qa8+ Kh7 28. Qe4+ g6 29. Qd4 Qb7 30. Ne4
1-0

[Event "Let's Play through the Olympics"]
[Site "SchemingMind.com"]
[Date "2016.09.12"]
[Round "-"]
[White "emvarela"]
[Black "cnile"]
[Result "0-1"]
[WhiteCountry "ARG"]
[BlackCountry "SCO"]
[WhiteElo "1719"]
[WhiteRD "51"]
[BlackElo "1485"]
[BlackRD "58"]
[GameID "403559"]

1. e4 e6 2. d4 d5 3. Nc3 Bb4 4. e5 c5 5. a3 Bxc3+ 6. bxc3 Ne7 7. Nf3 Qc7 8. Bb5+ Bd7 9. Bxd7+ Nxd7 10. O-O Ng6
11. Be3 Rc8 12. dxc5 Ngxe5 13. Nxe5 Nxe5 14. Bf4 O-O 15. Bxe5 Qxe5 16. Qd4 Qf5 17. Rac1 a6 18. Rfe1 Rc6 19. Re3 Rfc8 20. Rf3 Qg5
21. Rg3 Qxc1+
0-1

[Event "Let's Play through the Olympics"]
[Site "SchemingMind.com"]
[Date "2016.09.11"]
[Round "-"]
[White "cnile"]
[Black "ray winteringham"]
[Result "0-1"]
[WhiteCountry "SCO"]
[BlackCountry "ENG"]
[WhiteElo "1493"]
[WhiteRD "61"]
[BlackElo "1507"]
[BlackRD "49"]
[GameID "403560"]

1. Nf3 d5 2. d4 e6 3. Bf4 Bd6 4. Bxd6 Qxd6 5. e3 Nf6 6. c4 c6 7. Nc3 Nbd7 8. cxd5 cxd5 9. Rc1 O-O 10. a3 b6
11. Bd3 a6 12. O-O h6 13. Ne2 Bb7 14. Nf4 e5 15. dxe5 Nxe5 16. Nd4 Rfe8 17. h4 g5 18. hxg5 hxg5 19. Nh3 Neg4 20. Nxg5 Qh2#
0-1

[Event "Let's Play through the Olympics"]
[Site "SchemingMind.com"]
[Date "2016.09.09"]
[Round "-"]
[White "ray winteringham"]
[Black "cnile"]
[Result "0-1"]
[WhiteCountry "ENG"]
[BlackCountry "SCO"]
[WhiteElo "1507"]
[WhiteRD "49"]
[BlackElo "1493"]
[BlackRD "61"]
[GameID "403561"]

1. e4 e5 2. Nf3 Nc6 3. Bc4 Nf6 4. d3 Bc5 5. O-O d6 6. Bd2 Bg4 7. h3 Bh5 8. Nc3 Nd4 9. g4 Bg6 10. Qc1 Bb4
11. Nh4 Bxc3 12. Re1 Bxd2 13. Qxd2 Nxg4 14. Nxg6 Nf3+ 15. Kg2 Nxd2 16. Nxh8 Nxc4 17. dxc4 Nh6 18. Nxf7 Kxf7
0-1

[Event "Let's Play through the Olympics"]
[Site "SchemingMind.com"]
[Date "2016.09.10"]
[Round "-"]
[White "cnile"]
[Black "Chessibelle"]
[Result "1-0"]
[WhiteCountry "SCO"]
[BlackCountry "ENG"]
[WhiteElo "1493"]
[WhiteRD "61"]
[BlackElo "1145"]
[BlackRD "62"]
[GameID "403562"]

1. Nf3 Nc6 2. e4 e5 3. Bb5 Nf6 4. d3 d6 5. c3 Be7 6. h3 O-O 7. O-O Bd7 8. Re1 Nh5 9. Bxc6 Bxc6 10. Nbd2 d5
11. Nxe5 Qd6 12. Nxc6 Qxc6 13. Qxh5 h6 14. Qf3 f6 15. exd5 Qd6 16. c4 c6 17. Ne4 Qb4 18. Nc3 Qa5 19. Bd2 Qc7 20. dxc6 Bd8
21. Rac1 Qd6 22. cxb7 Rb8 23. Bf4 Qb6 24. Bxb8 Bc7 25. Bxc7 Qxc7 26. Nb5 Qc5 27. Qd5+
1-0

[Event "Let's Play through the Olympics"]
[Site "SchemingMind.com"]
[Date "2016.09.09"]
[Round "-"]
[White "Chessibelle"]
[Black "cnile"]
[Result "0-1"]
[WhiteCountry "ENG"]
[BlackCountry "SCO"]
[WhiteElo "1145"]
[WhiteRD "62"]
[BlackElo "1493"]
[BlackRD "61"]
[GameID "403563"]

1. Nf3 c5 2. d4 Nf6 3. e3 e6 4. Nc3 d5 5. Bb5+ Bd7 6. Bd3 Nc6 7. O-O cxd4 8. exd4 Bd6 9. g3 O-O 10. Nb5 Be7
11. a3 Rc8 12. c3 Re8 13. b4 a6 14. a4 Bf8 15. Na3 Ne7 16. Ng5 h6 17. Nh3 Rxc3 18. Be2 Rc8 19. Bd3 Nc6 20. Nc2 Nxb4
21. Be2 Nxc2 22. Qxc2 Rxc2
0-1

[Event "Let's Play through the Olympics"]
[Site "SchemingMind.com"]
[Date "2016.09.14"]
[Round "-"]
[White "cnile"]
[Black "DANDYLIONHONEYBADGER"]
[Result "1-0"]
[WhiteCountry "SCO"]
[BlackCountry "USA"]
[WhiteElo "1485"]
[WhiteRD "58"]
[BlackElo "1312"]
[BlackRD "64"]
[GameID "403564"]

1. Nf3 Nc6 2. e4 e5 3. Bb5 a6 4. Ba4 b5 5. Bb3 Na5 6. Nc3 Nxb3 7. axb3 Nf6 8. O-O d6 9. d3 Be7 10. Nxb5 h6
11. Na3 Bd7 12. Nc4 g6 13. h3 d5 14. Ncxe5 Bb5 15. Bd2 O-O 16. Bxh6 Re8 17. Qe2 Bd6 18. Bf4 dxe4 19. c4 exf3 20. Qxf3 Bd7
21. Nxd7 Qxd7 22. Bg5 Nh7 23. Bh6 Be5 24. Rab1 c5 25. Rfe1 f6 26. h4 g5 27. Qh5 Bxb2 28. Qg6+ Kh8 29. Rxe8+ Nf8 30. Rxa8
1-0

[Event "Let's Play through the Olympics"]
[Site "SchemingMind.com"]
[Date "2016.09.14"]
[Round "-"]
[White "DANDYLIONHONEYBADGER"]
[Black "cnile"]
[Result "0-1"]
[WhiteCountry "USA"]
[BlackCountry "SCO"]
[WhiteElo "1312"]
[WhiteRD "64"]
[BlackElo "1485"]
[BlackRD "58"]
[GameID "403565"]

1. e4 e5 2. Nc3 Bc5 3. Qe2 Nf6 4. Na4 Be7 5. d3 b5 6. Nc3 a6 7. g4 d6 8. Bh3 h6 9. f3 g5 10. Be3 Bb7
11. O-O-O Nc6 12. a3 d5 13. exd5 Nxd5 14. Nxd5 Qxd5 15. b3 a5 16. c4 bxc4 17. dxc4 Qe6 18. Rd3 Bxa3+ 19. Kb1 Nd4 20. Bxd4 exd4
21. Qxe6+ fxe6 22. Rxd4 O-O 23. Ka2 Bb4 24. Bg2 Rab8 25. h4 Bc5 26. Re4 Bxe4 27. fxe4 Rf2+ 28. Kb1 Rxb3+ 29. Kc1 Ba3+
0-1

[Event "Let's Play through the Olympics"]
[Site "SchemingMind.com"]
[Date "2016.09.11"]
[Round "-"]
[White "cnile"]
[Black "Wojtek26"]
[Result "1-0"]
[WhiteCountry "SCO"]
[BlackCountry "POL"]
[WhiteElo "1493"]
[WhiteRD "61"]
[BlackElo "1469"]
[BlackRD "44"]
[GameID "403566"]

1. Nf3 d5 2. d4 Nf6 3. c4 e6 4. Bf4 Bb4+ 5. Nc3 O-O 6. e3 Ne4 7. Rc1 h6 8. h3 Nd7 9. Be2 dxc4 10. Bxc4 Ndf6
11. O-O Nh5 12. Bh2 Bxc3 13. bxc3 c6 14. Ne5 Nhf6 15. Bd3 Qe7 16. Re1 c5 17. Qf3 Nd2 18. Qd1 Nde4 19. Qc2
1-0

[Event "Let's Play through the Olympics"]
[Site "SchemingMind.com"]
[Date "2016.09.09"]
[Round "-"]
[White "Wojtek26"]
[Black "cnile"]
[Result "0-1"]
[WhiteCountry "POL"]
[BlackCountry "SCO"]
[WhiteElo "1469"]
[WhiteRD "44"]
[BlackElo "1493"]
[BlackRD "61"]
[GameID "403567"]

1. d4 d5 2. c4 e6 3. e3 Nf6 4. Nf3 Bb4+ 5. Bd2 Bxd2+ 6. Nbxd2 O-O 7. a3 Nbd7 8. c5 c6 9. b4 Re8 10. Bd3 a5
11. b5 h6 12. b6 e5 13. Bc2 exd4 14. Nxd4 Nf8 15. N2f3 Ne6 16. Nxe6 Bxe6 17. Qd3 Qe7 18. O-O Qxc5 19. Rab1 Qd6 20. Nd4 Ra6
21. Nxe6 Qxe6
0-1

[Event "Let's Play through the Olympics"]
[Site "SchemingMind.com"]
[Date "2016.09.11"]
[Round "-"]
[White "emvarela"]
[Black "ray winteringham"]
[Result "1-0"]
[WhiteCountry "ARG"]
[BlackCountry "ENG"]
[WhiteElo "1719"]
[WhiteRD "51"]
[BlackElo "1470"]
[BlackRD "52"]
[GameID "403568"]

1. e4 c5 2. Nf3 Nc6 3. d4 b6 4. dxc5 Bb7 5. Be3 g6 6. cxb6 Bg7 7. c3 d6 8. bxa7 Nxa7 9. Bxa7 Rxa7 10. Bb5+ Kf8
11. O-O Bxe4 12. Nbd2 Bf5 13. Qe2 Be6 14. Bc4 d5 15. Bb3 Nf6 16. Nd4 Bh6 17. Nc6 Qc7 18. Nxa7 Qxa7 19. Nf3 Kg7 20. Nd4 Bd7
21. Rfe1 Re8 22. Qe5 e6 23. g4 Bg5 24. Qxg5 Ne4 25. Rxe4 dxe4 26. Qe5+ f6 27. Qxe4 e5 28. Ne2 g5 29. Bc2 Rh8 30. Ng3 Kf8
31. Rd1 h6 32. Rxd7 Qxd7 33. Qa8+ Kg7 34. Nf5+ Kh7 35. Qb7 Rd8 36. Qxd7+ Rxd7 37. b3 Kh8 38. Ne3 Rd2 39. a4
1-0

[Event "Let's Play through the Olympics"]
[Site "SchemingMind.com"]
[Date "2016.09.11"]
[Round "-"]
[White "ray winteringham"]
[Black "emvarela"]
[Result "0-1"]
[WhiteCountry "ENG"]
[BlackCountry "ARG"]
[WhiteElo "1492"]
[WhiteRD "50"]
[BlackElo "1728"]
[BlackRD "49"]
[GameID "403569"]

1. e4 e5 2. Nf3 Nc6 3. Bb5 a6 4. Bxc6 dxc6 5. h3 Bd6 6. d3 h6 7. Be3 Nf6 8. O-O Be6 9. Nbd2 Qe7 10. a3 O-O-O
11. b3 g5 12. g4 Bxa3 13. Nxe5 Bc5 14. Nxf7 Bxf7 15. f4 Bxe3+ 16. Kg2 Bxf4 17. Nf3 Nxe4
0-1

[Event "Let's Play through the Olympics"]
[Site "SchemingMind.com"]
[Date "2016.09.11"]
[Round "-"]
[White "emvarela"]
[Black "Chessibelle"]
[Result "1-0"]
[WhiteCountry "ARG"]
[BlackCountry "ENG"]
[WhiteElo "1728"]
[WhiteRD "49"]
[BlackElo "1126"]
[BlackRD "58"]
[GameID "403570"]

1. e4 e5 2. Nf3 Nc6 3. Bb5 h6 4. Bxc6 dxc6 5. O-O g5 6. Nxe5 Qf6 7. d4 Ne7 8. Be3 Qg6 9. Nxg6 Nxg6 10. Nc3 b6
11. d5 Ba6 12. Re1 Bd6 13. Bd4 Rg8 14. e5 Be7 15. d6 cxd6 16. exd6 f5 17. dxe7 Rc8 18. Bf6 c5 19. Qd5 Rh8 20. Bxh8 Rc7
21. Qd8+ Kf7 22. e8=Q#
1-0

[Event "Let's Play through the Olympics"]
[Site "SchemingMind.com"]
[Date "2016.09.11"]
[Round "-"]
[White "Chessibelle"]
[Black "emvarela"]
[Result "0-1"]
[WhiteCountry "ENG"]
[BlackCountry "ARG"]
[WhiteElo "1128"]
[WhiteRD "60"]
[BlackElo "1719"]
[BlackRD "51"]
[GameID "403571"]

1. Nf3 d5 2. d4 Nc6 3. e3 Nf6 4. Nc3 Bg4 5. Be2 Bxf3 6. Bxf3 e6 7. O-O Be7 8. a3 O-O 9. Ne2 Qd7 10. c3 Rad8
11. Nf4 a6 12. b4 b5 13. h3 e5 14. Nh5 Nxh5 15. Bxh5 g6 16. Bf3 e4 17. Bg4 f5 18. Be2 Bd6 19. f3 exf3 20. Bxf3 Bg3
21. Rb1 a5 22. a4 bxa4 23. Qxa4 axb4 24. cxb4 Ne7 25. Qc2 Qd6 26. Bb2 f4 27. e4 c6 28. Rfd1 dxe4 29. Bxe4 Nd5 30. Qc4 Kg7
31. Kf1 Ne3+
0-1

[Event "Let's Play through the Olympics"]
[Site "SchemingMind.com"]
[Date "2016.09.14"]
[Round "-"]
[White "emvarela"]
[Black "DANDYLIONHONEYBADGER"]
[Result "1-0"]
[WhiteCountry "ARG"]
[BlackCountry "USA"]
[WhiteElo "1712"]
[WhiteRD "55"]
[BlackElo "1308"]
[BlackRD "74"]
[GameID "403572"]

1. e4 e5 2. Nf3 Nc6 3. Bb5 a6 4. Bxc6 bxc6 5. Nxe5 Nh6 6. d4 Qe7 7. Bxh6 gxh6 8. Nc3 Qh4 9. Qf3 f6 10. Nd3 d6
11. g3 Qg5 12. e5 Bg4 13. Qxf6 Qxf6 14. exf6 O-O-O 15. h3 Be6 16. Kd2 h5 17. Rae1 Re8 18. f4 d5 19. f5 Bd7 20. g4 Rxe1
21. Rxe1 Bd6 22. Ne5 Be8 23. g5 Bd7 24. Nxd7 Kxd7 25. g6 Bf4+ 26. Kd3 Re8 27. Rxe8 Kxe8 28. gxh7 Bd6 29. h8=Q+ Bf8 30. Qxh5+
1-0

[Event "Let's Play through the Olympics"]
[Site "SchemingMind.com"]
[Date "2016.09.14"]
[Round "-"]
[White "DANDYLIONHONEYBADGER"]
[Black "emvarela"]
[Result "1-0"]
[WhiteCountry "USA"]
[BlackCountry "ARG"]
[WhiteElo "1327"]
[WhiteRD "69"]
[BlackElo "1710"]
[BlackRD "54"]
[GameID "403573"]

1. e4 e5 2. Nc3 Nc6 3. f3 d6 4. Bb5 Bd7 5. Nge2 a6 6. Bd3 Nf6 7. g4 h6 8. b3 g5 9. a3 h5 10. Nd5 hxg4
11. O-O gxf3 12. Nec3 Nxd5 13. exd5 Nd4 14. Rf2 g4 15. Ne4 f5 16. Ng3 e4 17. Nxe4 fxe4 18. Bxe4 Bf5 19. Bxf5 Nxf5 20. Qe1+ Kd7
21. Qe6#
1-0

[Event "Let's Play through the Olympics"]
[Site "SchemingMind.com"]
[Date "2016.09.09"]
[Round "-"]
[White "ray winteringham"]
[Black "Chessibelle"]
[Result "1-0"]
[WhiteCountry "ENG"]
[BlackCountry "ENG"]
[WhiteElo "1507"]
[WhiteRD "49"]
[BlackElo "1145"]
[BlackRD "62"]
[GameID "403576"]

1. e4 e5 2. Nf3 Nc6 3. Bc4 h6 4. O-O g5 5. d3 Bg7 6. Be3 b6 7. Nc3 Nge7 8. Bd5 O-O 9. b4 Rb8 10. b5 Ng6
11. bxc6 d6 12. Nb5 Qf6 13. Nxa7 Bg4 14. Kh1 Nh4 15. Rg1 Qg6 16. Nxh4 Qh5 17. f3 Bc8 18. Nxc8 Rbxc8 19. Nf5 Bf6 20. f4 Qg6
21. Qg4 h5 22. Qe2 exf4 23. Bd4 Kh7 24. Qf2 g4 25. Qxf4 Bg5 26. Qf1 f6 27. Ne7 Qh6 28. Qf5+ Kh8 29. Ng6+ Kg7 30. Nxf8 Kxf8
31. Qxc8+ Kg7 32. Qg8#
1-0

[Event "Let's Play through the Olympics"]
[Site "SchemingMind.com"]
[Date "2016.09.09"]
[Round "-"]
[White "Chessibelle"]
[Black "ray winteringham"]
[Result "0-1"]
[WhiteCountry "ENG"]
[BlackCountry "ENG"]
[WhiteElo "1145"]
[WhiteRD "62"]
[BlackElo "1507"]
[BlackRD "49"]
[GameID "403577"]

1. Nf3 d5 2. d4 Nc6 3. e3 Bg4 4. Be2 e6 5. O-O Bd6 6. Nbd2 Nge7 7. c3 b6 8. Ne5 Bxe2 9. Qxe2 f6 10. a3 O-O
11. b4 a6 12. f4 Nxe5 13. dxe5 fxe5 14. g3 e4 15. Bb2 Ng6 16. c4 c6 17. Nb3 Qe7 18. Nd4 Bxb4 19. Nxc6 Qc7 20. Nd4 Qe7
21. Nc6 Qe8 22. Nxb4 a5 23. Nc2 Qa4 24. Nd4 Rae8 25. g4 Qxc4 26. Qf2 Ne5 27. h3 g5 28. Qg3 Nd3 29. Qh2 gxf4 30. exf4 Rf7
31. h4 e5 32. h5 exd4 33. Rab1 Qc5 34. g5 Nxb2 35. Rxb2 d3+ 36. Kg2 e3 37. Rb3 Qc2+
0-1